| 000 | 00000nam 2200000zi 4500 |
| 001 | 9.918704 |
| 003 | CaOODSP |
| 005 | 20231221112505 |
| 006 | m o d f |
| 007 | cr mn||||||||| |
| 008 | 221223t20232023qucab ob f000 0 eng d |
| 020 | |a9780660468495 |
| 040 | |aCaOODSP|beng|erda|cCaOODSP |
| 043 | |an-cn-nu|ar------ |
| 086 | 1 |aCW66-925/2022E-PDF |
| 245 | 00|aNinginganiq National Wildlife Area management plan. |
| 264 | 1|aGatineau QC : |bEnvironment and Climate Change Canada = Environnement et changement climatique Canada, |c[2023] |
| 264 | 4|c©2023 |
| 300 | |a1 online resource (x, 61 pages) : |billustrations (chiefly colour), colour maps |
| 336 | |atext|btxt|2rdacontent |
| 337 | |acomputer|bc|2rdamedia |
| 338 | |aonline resource|bcr|2rdacarrier |
| 500 | |aIssued also in French under title: Plan de gestion de la réserve nationale de faune Ninginganiq; and in Inuktitut under title: Ninginganiq uumajuqarvingata sapujjivinganit aulattiningmut parnautiit. |
| 500 | |a"EC22047"--Verso of cover. |
| 504 | |aIncludes bibliographical references (pages 50-59). |
| 650 | 0|aWildlife refuges|zNunavut|xManagement. |
| 650 | 0|aMarine parks and reserves|zNunavut|xManagement. |
| 650 | 0|aNational parks and reserves|zNunavut|xManagement. |
| 710 | 1 |aCanada. |bEnvironment and Climate Change Canada, |eissuing body. |
| 775 | 08|tPlan de gestion de la réserve nationale de faune Ninginganiq.|w(CaOODSP)9.918705 |
| 775 | 08|t[Ninginganiq National Wildlife Area management plan].|w(CaOODSP)9.918706 |
| 856 | 40|qPDF|s7.26 MB|uhttps://publications.gc.ca/collections/collection_2023/eccc/cw66/CW66-925-2022-eng.pdf |
| 986 | |aEC22047 |